000 01797 a2200277 4500
010 _aENG-89935 B-448679-683
020 _a8125035109
_c550.0
035 _aEN-73468 B-448679-683
037 _bDBAD / PUB
037 _bK.K.Pub/Ven
082 1 4 _a791.4375
100 1 _aHood, John W.
_948992
245 1 _aBeyond the world of Apu:
_cby John W. Hood
_bthe films of Satyajit Ray/
260 _aNew Delhi
_bOrient Longman
_c2008
270 _a1/24, Asaf Ali Road,
_bNew Delhi
_e110002
_mdelgeneral@orientlongman.com
_cDelhi
300 _axi, 476p.
_c22 cm (pbk)
500 _aIncludes index.
942 _adpl
_cEN
_k
_2ddc
_h791.4375
_mHOO
999 _c11669
_d11669